Biochemistry / (Record no. 712)
[ view plain ]
| 000 -LEADER | |
|---|---|
| fixed length control field | 01507nam a2200445 4500 |
| 001 - CONTROL NUMBER | |
| control field | 14096666 |
| 005 - DATE AND TIME OF LATEST TRANSACTION | |
| control field | 20141008155145.0 |
| 006 - FIXED-LENGTH DATA ELEMENTS--ADDITIONAL MATERIAL CHARACTERISTICS--GENERAL INFORMATION | |
| fixed length control field | 000 |
| 007 - PHYSICAL DESCRIPTION FIXED FIELD--GENERAL INFORMATION | |
| fixed length control field | 000 |
| 008 - FIXED-LENGTH DATA ELEMENTS--GENERAL INFORMATION | |
| fixed length control field | 000 |
| 010 ## - LIBRARY OF CONGRESS CONTROL NUMBER | |
| LC control number | 2005052751 |
| 015 ## - NATIONAL BIBLIOGRAPHY NUMBER | |
| National bibliography number | GBA633683 |
| Source | bnb |
| 020 ## - INTERNATIONAL STANDARD BOOK NUMBER | |
| International Standard Book Number | 0716787245 |
| International Standard Book Number | 9780716787242 |
| 035 ## - SYSTEM CONTROL NUMBER | |
| System control number | (OCoLC)ocm61500079 |
| System control number | (OCoLC)61500079 |
| 040 ## - CATALOGING SOURCE | |
| Original cataloging agency | UOEL |
| Transcribing agency | DLC |
| Modifying agency | BAKER |
| -- | UKM |
| -- | C#P |
| -- | VAM |
| -- | VET |
| -- | IXA |
| -- | COO |
| -- | DLC |
| 042 ## - AUTHENTICATION CODE | |
| Authentication code | pcc |
| 050 00 - LIBRARY OF CONGRESS CALL NUMBER | |
| Classification number | QP514.2 |
| Item number | .S66 2006 |
| 082 00 - DEWEY DECIMAL CLASSIFICATION NUMBER | |
| Classification number | 572 |
| Edition number | 22 |
| 100 1# - MAIN ENTRY--PERSONAL NAME | |
| Personal name | Berg, Jeremy M. |
| Fuller form of name | (Jeremy Mark), |
| Dates associated with a name | 1958- |
| 245 10 - TITLE STATEMENT | |
| Title | Biochemistry / |
| Statement of responsibility, etc | Jeremy M. Berg, John L. Tymoczko, Lubert Stryer. |
| 250 ## - EDITION STATEMENT | |
| Edition statement | 6th ed. |
| 260 ## - PUBLICATION, DISTRIBUTION, ETC. (IMPRINT) | |
| Place of publication, distribution, etc | New York : |
| Name of publisher, distributor, etc | W.H. Freeman, |
| Date of publication, distribution, etc | c2007. |
| 300 ## - PHYSICAL DESCRIPTION | |
| Extent | xxxv,[1120p] |
| Other physical details | ill. (some col.), col. maps ; |
| Dimensions | 29 cm. |
| 500 ## - GENERAL NOTE | |
| General note | Rev. ed. of: Biochemistry / Lubert Stryer. |
| 504 ## - BIBLIOGRAPHY, ETC. NOTE | |
| Bibliography, etc | Includes bibliographical references and index. |
| 650 #0 - SUBJECT ADDED ENTRY--TOPICAL TERM | |
| Topical term or geographic name as entry element | Biochemistry. |
| General subdivision | Physiology |
| Topical term or geographic name as entry element | DNA |
| Topical term or geographic name as entry element | RNA |
| Topical term or geographic name as entry element | Genes |
| 700 1# - ADDED ENTRY--PERSONAL NAME | |
| Personal name | Tymoczko, John L., |
| Dates associated with a name | 1948- |
| Personal name | Stryer, Lubert. |
| Personal name | Stryer, Lubert. |
| Title of a work | Biochemistry. |
| 856 42 - ELECTRONIC LOCATION AND ACCESS | |
| Materials specified | Publisher description |
| Uniform Resource Identifier | <a href="http://www.loc.gov/catdir/enhancements/fy0902/2005052751-d.html">http://www.loc.gov/catdir/enhancements/fy0902/2005052751-d.html</a> |
| Materials specified | Table of contents only |
| Uniform Resource Identifier | <a href="http://www.loc.gov/catdir/enhancements/fy0912/2005052751-t.html">http://www.loc.gov/catdir/enhancements/fy0912/2005052751-t.html</a> |
| 906 ## - LOCAL DATA ELEMENT F, LDF (RLIN) | |
| a | 7 |
| b | cbc |
| c | orignew |
| d | 1 |
| e | ocip |
| f | 20 |
| g | y-gencatlg |
| 942 ## - ADDED ENTRY ELEMENTS (KOHA) | |
| Source of classification or shelving scheme | Library of Congress Classification |
| Item type | Short Loan for 1 day |
| Withdrawn status | Lost status | Source of classification or shelving scheme | Damaged status | Not for loan | Home library | Current library | Shelving location | Date acquired | Total Checkouts | Full call number | Barcode | Date last seen | Date last borrowed | Copy number | Price effective from | Koha item type |
|---|---|---|---|---|---|---|---|---|---|---|---|---|---|---|---|---|
| Library of Congress Classification | UOE Main Library | UOE Main Library | Short Loan Area | 08/10/2014 | 6 | QP514.2 .S66 2006 | 20135317 | 27/04/2026 | 01/02/2017 | 20135317 | 08/10/2014 | Short Loan for 1 day | ||||
| Library of Congress Classification | UOE Main Library | UOE Main Library | Short Loan Area | 08/10/2014 | 2 | QP514.2 .S66 2006 | 20135316 | 27/04/2026 | 25/04/2017 | 20135316 | 08/10/2014 | Short Loan for 1 day | ||||
| Library of Congress Classification | UOE Main Library | UOE Main Library | Short Loan Area | 08/10/2014 | 1 | QP514.2 .S66 2006 | 20135318 | 27/04/2026 | 26/11/2019 | 20135318 | 08/10/2014 | Short Loan for 1 day | ||||
| Library of Congress Classification | UOE Main Library | UOE Main Library | Short Loan Area | 08/10/2014 | 7 | QP514.2 .S66 2006 | 20135319 | 27/04/2026 | 01/02/2017 | 20135319 | 08/10/2014 | Short Loan for 1 day |
